000 00790 a2200205 4500
005 20080827151134.0
008 080827t xxu||||| |||| 00| 0 eng d
010 _aENG-87297
020 _a8189228196
_c300.00
035 _aEN-70830
037 _bDBAD / PUB
082 _a883.08
100 _aAhmad, Zamir
245 _aMajor Themes in the Novels of william Golding
_cby Zamir Ahmad
260 _aJaipur
_bRachna Prakashan
_c2006
270 _a57, Natani Bhawan, Mishra Rajaji Ka Rasta, Chandpole Bazar,
_bJaipur
_e302 001
300 _aiv, 152 p.
_c22 cm (Hb.)
942 _adpl
_cEN
_k883.08/AHM
_2ddc
_h883.08
_mAHM
999 _c6365
_d6365